|
|
|
|
| LEADER |
01458nam a2200337 u 4500 |
| 001 |
10064075 |
| 003 |
upatras |
| 005 |
20231121082341.0 |
| 008 |
041217s1998 gre |
| 020 |
|
|
|a 0198721781
|q ((hardbound))
|
| 020 |
|
|
|a 0198721773
|q ((pbk.))
|
| 040 |
|
|
|a ΠΑΝΕΠΙΣΤΗΜΙΟ ΠΑΤΡΩΝ
|c ΠΑΝΕΠΙΣΤΗΜΙΟ ΠΑΤΡΩΝ
|
| 041 |
0 |
|
|a gre
|a eng
|
| 082 |
1 |
4 |
|a 882.22
|2 ελ.λογ.
|
| 100 |
0 |
|
|a Αριστοφάνης
|d π. 450-π. 385
|9 3575
|
| 240 |
1 |
0 |
|a Birds
|
| 245 |
1 |
0 |
|a Aristophanes, Birds
|c edited with introduction and commentary by Nan Dunbar
|
| 250 |
|
|
|a Student ed
|
| 260 |
|
|
|a Oxford
|a New York
|b Clarendon Press
|b Oxford University Press
|c 1998
|
| 300 |
|
|
|a x, 542 p.
|c 22 cm
|
| 500 |
|
|
|a Text in Greek, introduction and commentary in English
|
| 504 |
|
|
|a Includes bibliographical references and indexes
|
| 650 |
|
4 |
|a Όρνιθες
|x Δράμα
|9 56995
|
| 650 |
|
0 |
|a Θεοί, Έλληνες, στη λογοτεχνία.
|9 163289
|
| 650 |
|
4 |
|a Υπερφυσικό στη λογοτεχνία
|x Δράμα
|9 56996
|
| 700 |
1 |
|
|a Dunbar, Nan
|9 56997
|
| 852 |
|
|
|a GR-PaULI
|b ΠΑΤΡΑ
|b ΦΙΛΟΛΟΓΙΑ
|k ΔΑΝΕΙΖ-6
|h 882.22 ΑΡΙ
|m 5056
|p 025000143103
|
| 942 |
|
|
|2 ddc
|
| 952 |
|
|
|0 0
|1 0
|4 0
|6 882_220000000000000_ΑΡΙ
|7 0
|9 62933
|a LTRT
|b LTRT
|d 2016-04-24
|i 5056
|l 1
|o 882.22 ΑΡΙ
|p 025000143103
|r 2016-09-02 00:00:00
|s 2016-06-28
|w 2016-04-24
|
| 998 |
|
|
|c ΑΝΔΡΙΚΟΠΟΥΛΟΥ
|d 2007-10
|
| 999 |
|
|
|c 40386
|d 40386
|